Normal view
MARC view
- Reyna Pérez, José Luis,
Entry Nombre Personal
001 - NUMERO DE CONTROL
- campo de control: 34318
003 - IDENTIFICADOR DE NUMERO DE CONTROL
- campo de control: UPN
005 - FECHA Y HORA DE LA ÜLTIMA TRANSACCIÓN
- campo de control: 20210219194451.0
008 - DATOS DE LONGITUD FIJA
- campo de control de longitud fija: nabaccnnaabn|||||||||| b |nc|||||d
035 ## - NUMERO DE CONTROL
- Número de control: UPN11000006425
040 ## - FUENTE DE CATALOGACIÓN
- Lenguaje de catalogación: SPA
- Agencia de transcripción: UPN
100 1# - ENCABEZAMIENTO - NOMBRE PERSONAL
- Nombre personal: Reyna Pérez, José Luis,
- Fechas asociadas con el nombre: 1941-
400 1# - VEÁSE - NOMBRE DE PERSONA
- Personal name: Reyna, José Luis,
- Relator term: 1941-
670 ## - FUENTE EN LA QUE SE LOCALIZARON DATOS
- Cita de la fuente: T
- Uniform Resource Identifier: http://ces.colmex.mx/138
680 ## - NOTA PUBLICA DE ACCESO PÚBLICO
- Frase explicativa de la referencia: Sociólogo mexicano
902 ## - CATALOGADOR
- Catalogador: CAA/061113
